000 01248nam a22001937a 4500
999 _c56759
_d56759
005 20190421020029.0
008 190419c2019 ge ||||| |||| 00| 0 geo d
022 _a1512-0805
041 _ageo
245 _aბუღალტრული აღრიცხვა :
_b2019 : სამეცნიერო-პრაქტიკული ჟურნალი რეფერირდება ,,ქართულ რეფერირებულ ჟურნალში"./
_cმთ.რედ: ლავრენტი ჭუმბურიძე,გამოც.რედ: მანანა გველესიანი.
260 _aთბილისი :.
_bსაქართველოს პროფესიონალ ბუღალტერთა და აუდიტორთა ფედერაცია.
_c2019.
300 _av.
653 _aბუღალტრული აღრიცხვა
653 _aბუღალტერია
653 _aპერიოდიკა
700 _aლავრენტი ჭუმბურიძე.
_eმთ. რადაქტორი
_9227
700 _aმანანა გველესიანი.
_eრედქატორი
_9228
942 _2udc
_cCR